| 000 | 00725cam a22002411 4500 | ||
|---|---|---|---|
| 001 | sa 67001344 | ||
| 003 | DLC | ||
| 005 | 20260227112322.0 | ||
| 008 | 881130s1966 ii 000 0 hin | ||
| 010 | _asa 67001344 | ||
| 035 | _a(OCoLC)18822041 | ||
| 040 |
_aDLC _cNRU _dDLC |
||
| 042 | _apremarc | ||
| 050 | 0 | 0 |
_aPK2095.S8 _bZ88 |
| 100 | 1 | _aTivārī, Ramāśaṅkara. | |
| 245 | 1 | 0 |
_aSūra kā śr̥ṅgāra-varṇana. _cLekhaka Ramāśaṅkara Tivārī. |
| 260 |
_aKānapura, _bAnusandhāna Prakāśana, _c[1966] |
||
| 300 |
_a8,7, 102, 383 p. _c25 cm. |
||
| 500 | _aIn Hindi. | ||
| 504 | _aBibliography: p. [379]-383. | ||
| 600 | 0 | 0 |
_aSūradāsa, _d1483?-1563? |
| 650 | 0 |
_aErotic literature _xHistory and criticism. |
|
| 999 |
_c72556 _d72556 |
||